Histoire : Le Consulat,le Premier Empire,et la Restauration - Statistiques

Statistiques générales
  • Ce quiz a été pris 146 fois
  • Le résultat moyen est 8 sur 19
Statistiques - réponses
Question Réponse % Correct
Empereur des Français surnommé le "Petit Caporal" Napoléon Bonaparte
95%
Victoire la plus connue de l'Empereur,un an exactement après son couronnement Austerlitz
83%
Roi Bourbon succédant brièvement à Napoléon,jusqu'à son retour en force en France,connu sous le nom des Cent-Jours Louis XVIII
71%
Frère de Louis XVIII,qui lui succède en 1824,surnommé le Roi «Ultra» Charles X
67%
Épouse de Napoléon Ier Joséphine de Beauharnais
65%
Date de Couronnement de ce dernier 2 Décembre 1804
50%
Écoles secondaires,fondées par l'Empereur Les Lycées
50%
Pape à cette époque Pie VII
49%
Victoire miraculeuse de la Retraite de Russie La Bérézina
40%
Titre porté par le fils de Napoléon,né en 1812 Roi de Rome
31%
Napoléon se remarie à cette princesse autrichienne,âgée de 18 ans,en 1809. Marie-Louise d'Autriche
27%
Citation à compléter : Il ne faut jamais interrompre un ennemi en train de faire une... (Napoléon Bonaparte) Erreur
24%
Exil définitif de Napoléon,après la défaite de Waterloo Île de Saint-Hélène
23%
Louis XVIII décide de gouverner de cette manière pour éviter une nouvelle Révolution (Citer le Régime Politique) Monarchie Parlementaire
21%
Cette nouvelle monnaie est créé et mise en circulation dès 1802 Franc germinal
19%
Maréchal d'Empire défait par l'Amiral Nelson à Aboukir Murat
17%
Définition de cette nouvelle "institution",créé par Napoléon : fonctionnaire représentant le pouvoir exécutif central Les Préfets
12%
Deux autres consuls nommés par Napoléon (Noms de Famille) Cambacérès et Lebrun
2%
Emblème de ce dernier Corne d'Abondance
1%
Aucun quiz correspondant
Distribution des résultats
% des personnes avec chaque résultat
Percentile par nombre de réponses
Votre historique - résultats
Vous n’avez pas pris ce quiz